000 00446nam a22001577a 4500
005 20250305221300.0
008 250305b |||||||| |||| 00| 0 eng d
020 _a9781859413401
050 _aKD3131
_b1998
100 _aChatterton, David A.
245 _aPensoins Law and Practice /
_cChatterton, David A.
260 _aLondon
_bCavendish Publishing Ltd.
_cc1998
300 _axxiv, 180 p, ;
500 _aIncludes index
942 _2lcc
_cBK
_n0
999 _c4537
_d4537